000 00263nam a2200109Ia 4500
008 200302s9999 xx 000 0 und d
100 _aSonia Servida
245 _aThe Story of Renaissance Architecture
260 _bPrestel/ London
260 _c2011
300 _a142
999 _c4487
_d4487